| 000 | 00656nam a2200217 a 4500 | ||
|---|---|---|---|
| 999 |
_c2696 _d2696 |
||
| 001 | 2696 | ||
| 003 | BD-JhCC | ||
| 005 | 20171106093750.0 | ||
| 008 | 171106s1383 bg |||| ||a| 000 0 ben d | ||
| 035 | _a(BD-JhCC)2696 | ||
| 040 |
_aBD-JhCC _dBD-JhCC |
||
| 041 | _aben | ||
| 082 |
_a297 _bRAH 1383 |
||
| 100 | _aরহমান, সুফী হাবিবুর | ||
| 245 |
_aমোসলমানী জিন্দিগী / _cসুফী হাবিবুর রহমান, |
||
| 260 |
_aঢাকা : _bঢাকা বুক মার্ট, _c1383 |
||
| 300 |
_a280 p. : _c20 cm. |
||
| 650 | _aIslam | ||
| 942 |
_2ddc _cBK |
||